| 000 | 00750cab a2200229 4500 | ||
|---|---|---|---|
| 001 | WB3043-39 | ||
| 008 | 090401t1994 xxu||||| |||| 00| 0 eng d | ||
| 035 | _a(Sirsi) u4200 | ||
| 041 | _aeng | ||
| 245 | _aSurveyors inch closer to metres | ||
| 260 | _c1994 | ||
| 350 | _a0 | ||
| 490 |
_aProperty Week _v49(7) 17 November 1994, 9(1) |
||
| 520 | _aRICS General Council voted to only use metric measurements after January 1996. A surveyor may only use imperial measures if a client specifically asks for them after that date. | ||
| 650 | _aMETRIC MEASUREMENTS | ||
| 650 | _aMETRICATION | ||
| 650 | _aRICS / ISVA METRICATION GROUP | ||
| 650 | _aRICS GENERAL COUNCIL | ||
| 690 | _aMAPPING AND MEASUREMENT | ||
| 942 | _n0 | ||
| 948 | _c04/03/1997 | ||
| 999 |
_c2513 _d2513 |
||